000 01602nam a22003257a 4500
003 PE SENCICO BE
005 20260226150357.0
008 251113b |||||||| |||| 00| 0 eng d
020 _a978-9962-04-057-6
040 _aPE SENCICO BE
_cPE SENCICO BE
041 _aspa
082 _a747
_bS42
100 1 _aSerrats, Marta
_933
_eautor
245 1 _aLa Biblia del diseño interior /
_cMarta Serrats, Claudia Martinez Alonso ; editor: Simone K. Schleifer
250 _a[1a ed.]
260 _aBarcelona :
_bLexus editores ;
_c2012
300 _a591 páginas :
_bIlustraciones, planos ;
_c24 cm.
505 0 _aAutoban -- Bearandbunny -- Blacksheep -- Clive Wilkinson Architects -- Corvin cristian -- Curiosity -- DAPstockholm -- El último grito -- Filippo Bombace -- Formavisión -- Giorgio Borruso Desing
520 3 _aPropone un recorrido por los mejores interiores realizados hasta hoy nivel internacional. De la mano de los más destacados diseñadores de interiores contemporáneos, explora el camino actual del interiorismo, un sector que en boca de algunos, parece ser ya mayor de edad y reclama una reformulación de los planteamientos utilizados hasta ahora.
650 1 0 _aDiseño de interiores
_9315
650 2 0 _aArquitectura de viviendas
_9409
650 2 0 _aCentros comerciales
_9466
650 2 0 _aColor en el diseño
_9435
650 2 0 _aDistribución de espacios (viviendas)
_9395
650 2 0 _aProyectos de edificaciones
_9436
700 1 _aMartinez Alonso, Claudia
_eautor
700 1 _aSchleifer, Simone K.
_955
_eeditor
910 _ahfp
942 _2ddc
_cLIB
999 _c9771
_d9771